1298 1145 1993 1198 1304 1056 1544 1713 1555 1056 1299 1819 1989 1343 1669 1100 1830 1418 1895 1635 1077 1749 1043 1878 1061 1438 1110 1246 1770 1105 1374 1406 1452 1026 1442 1544 1352 1141 1755 1995 1955 1176 1690 1163 1012 1898 1475 1590 1128 1273 1277 1090 1109 1025 1251 1681 1452 1270 1280 1601 1703 1679 1803 1105 1886 1502 1195 1792 1824 1169 1837 1280 1708 1431 1985 1281 1530 1867 1230 1263 1350 1278 1357 1850 1888 1256 1869 1013 1087 1565 1476 1760 1807 1338 1598 1152 1367 1493 1501 BCNSPRNW ULIB Ver.6.0+V

เปลี่ยนเป็นภาษาไทย

Change to English
 แสดงรายละเอียดบรรณานุกรม
  กลับหน้าหลัก

Brief Record : Get Marc (ISO 2709) : E-mail record : QR code < ปิดหน้าต่าง
LEADER : 00000nam 2200000uu 4500
001    13399114415
003     ULIB
008    110323s||||||||th 000 0 tha d
020    9786167351551
050  4 BF412^bอ297ส
100 1  อมลวรรณ อิทธิกรชัย
245 10 เสริมอัจฉริยะการอ่านให้กับสมอง /^cอมลวรรณ อิทธิกรชัย
250    พิมพ์ครั้งที่ 1
260    กรุงเทพฯ :^bแพรวธรรม,^cมปป.
300    190 หน้า
650  7 เสริมอัจฉริยะ
650  7 พัฒนาสมอง
945    ^p150^l0^i031517
995    ทศพร
999 ^a ใช้งานได้ทุกระบบ
รายการนี้ยังไม่มีแท็ก
คุณยังไม่ได้ล็อกอิน คุณสามารถมีกิจกรรมร่วมกับเว็บไซต์ได้ แต่ต้องล็อกอินก่อน ::
  ล็อกอิน

รายการสื่อสารสนเทศ

ลำดับที่ ประเภท เลขเรียก/บาร์โค้ด สถานที่ สถานะ
- ไม่พบข้อมูล -

รายการใกล้เคียง
    ผู้แต่ง [อมลวรรณ อิทธิกรชัย]

    หัวเรื่อง [เสริมอัจฉริยะ]
    หัวเรื่อง [พัฒนาสมอง]

BibComment


ยังไม่เคยถูกคอมเมนท์

คอมเมนท์ทรัพยากรรายการนี้
  คอมเมนท์: เสริมอัจฉริยะการอ..


 Copyright 2026. Bcnsprnw @Library